Normal view
MARC view
- Warren Gray
Entry Personal Name
001 - CONTROL NUMBER
- control field: 2001
003 - CONTROL NUMBER IDENTIFIER
- control field: NUST
005 - DATE AND TIME OF LATEST TRANSACTION
- control field: 20170606111736.0
008 - FIXED-LENGTH DATA ELEMENTS
- fixed length control field: 170606|| aca||aabn | a|a d
040 ## - CATALOGING SOURCE
- Original cataloging agency: NUST
- Transcribing agency: NUST
100 ## - HEADING--PERSONAL NAME
- Personal name: Warren Gray
670 ## - SOURCE DATA FOUND
- Source citation: Work cat.: (NUST)23444: Warren Gray, Business Change The Roles of Change Agents and Subject Matter Experts In Organization Change And Much More...101 World Class Expert,Facts,Hints,Tips and Advice on Change Management , 2 November 2011
